000 01617cam a2200157 4500500
005 20251228064233.0
041 _afre
042 _adc
100 1 0 _aChaslot-Robinet, Sylvie
_eauthor
245 0 0 _aTowards a Social Investment Welfare State ? Ideas, policies and challenges Nathalie Morel, Bruno Palier, Joakim Palme (dir.), Bristol, The Policy Press, 2012, 386 p.
260 _c2013.
500 _a55
520 _aLe baromètre de la Drees permet d’apprécier comment ont évolué, depuis 2000, un certain nombre d’opinions, d’attentes et d’attitudes des Français d’âge actif vis-à-vis de la retraite. Les différences d’opinions concernant le système de retraite sont généralement très modérées entre jeunes et actifs plus âgés : la plupart s’avèrent partagées dans les mêmes proportions au sein de toutes les classes d’âge. Au cours des 10 dernières années, ces opinions exprimées vis-à-vis du système de retraite ont peu évolué. En revanche, les anticipations concernant l’âge de la retraite se sont sensiblement modifiées – les Français d’âge actif s’attendant à partir à la retraite de plus en plus tard. Il en est de même de la vision quant aux niveaux de vie des retraités actuels, la proportion de personnes pensant qu’il est moins bon que celui de l’ensemble de la population ayant très nettement augmenté au cours des années 2000.
786 0 _nRetraite et société | 66 | 3 | 2013-12-01 | p. 160b-166b | 1167-4687
856 4 1 _uhttps://shs.cairn.info/revue-retraite-et-societe1-2013-3-page-160b?lang=fr&redirect-ssocas=7080
999 _c1589636
_d1589636